000 00829nas a2200277 4500
001 BR0304695
003 BR-BrBNA
005 20231205104054.0
007 ta
008 230509b bl.|||p| |||| 00| 00por d
040 _aBR-BrBNA
_bpor
_cBiblioteca Nacional de Agricultura
041 _a(Pt)
072 _aH60; H20
100 1 _aRizzardi, M.A.
100 1 _aFleck, N.G.
100 1 _aAgostinetto, D.
100 1 _aBalbinot Júnior, A.A.
245 1 _aAção de herbicidas sobre mecanismos de defesa das plantas aos patógenos
650 _aHERBICIDA
650 _aFITOALEXINA
650 _aDOENÇA DE PLANTA
650 _aPRÁTICA CULTURAL
773 0 _tCiência Rural (Brazil)
_xISSN 0103-8478
_g(Sep-Oct 2003), v. 33(5) p. 957-965
_wBR0304695
909 _a202311
_bLúcia
_c55
_dLúcia Elande
942 _2AGRIS
_n0
_cANA
999 _c176196
_d176196